Normal view
MARC view
Entry Personal Name
001 - CONTROL NUMBER
- control field: 1565249
003 - CONTROL NUMBER IDENTIFIER
- control field: NLI
005 - DATE AND TIME OF LATEST TRANSACTION
- control field: 20240907104023.0
008 - FIXED-LENGTH DATA ELEMENTS
- fixed length control field: 240907|| aca||aabn | a|a d
040 ## - CATALOGING SOURCE
- Original cataloging agency: NLI
- Transcribing agency: NLI
100 ## - HEADING--PERSONAL NAME
- Personal name: Basharath Ali Siddiqui Ashrafi
670 ## - SOURCE DATA FOUND
- Source citation: Work cat.: (NLI)1594451: 880-01 Abdul Majid 1491609, Falah-e-darain:, [n.d.]
